00500 2200193 4500001002100000005001500021035002000036007000300056008004100059082001000100084001600110100002000126245006300146250001000209260003100219300002900250650001400279990001300293INLIS00000000000106620171129034031 a0010-1117000148ta171129 g 0 ind  a154.7 a154.7 NOR m0 aNorman Drummond1 amembaca Masa Depan Anda Melalui Kekuatan Emosi dan Pikiran aCet.1 aYogyakarta :bThink,c2008 a344hlm ;c13,5 x 20,5 cm aPsikologi a10710189